| 000 | 00479nam a22001577a 4500 | ||
|---|---|---|---|
| 020 | _a9211316871 | ||
| 050 |
_aHD1330 _b.R46 |
||
| 100 | _a UN Centre for Human Settlements (Habitat) | ||
| 245 |
_aRental housing; _ban essential option for the urban poor in developing countries |
||
| 260 |
_aNairobi _bUN-HABITAT _c2003 |
||
| 300 | _a xxii, 251 p. : ill., maps, tables. | ||
| 650 | _bRental housing | ||
| 650 | _burban areas | ||
| 650 | _bdeveloping countries | ||
| 942 | _cGEN | ||
| 999 |
_c3673 _d3673 |
||